000 00183 a2200097 4500
020 _a9781455521258
041 _aeng
100 _aBaldacci, David
245 _aThe escape
942 _cBK
999 _c14866
_d14866